000 01222nam a2200241Ia 4500
999 _c40443
_d40443
001 7052
003 GE_BSU
005 20231004123729.0
008 181216s2012||||ge |||||||||||||| ||geo||
020 _a9789941198441 (ტ.6)
040 _cGE_BSU
041 _ageo
080 _a821.353.1-32 გ-19
100 _aგამსახურდია, კონსტანტინე
_919993
245 _aრჩეული ნაწარმოებები 6 ტომად. ტ. 6 :
_bნოველები, მოთხრობები /
_cკონსტანტინე გამსახურდია ; სარედ. ჯგუფი : ზურაბ აბაშიძე, მანანა ჯანელიძე, ირმა ხარშილაძე ; გარეკანის დიზაინერი ეთერ გზირიშვილი.
264 _aთბილისი :
_bპალიტრა L,
_c2012.
300 _a568 გვ. ;
_c19 სმ.
541 _h8ლ.
653 _aნოველები
653 _aმოთხრობები
700 _aაბაშიძე, ზურაბ
_eრედაქტორი
_91322
942 _cBK
_2udc